| 000 | 00817nam a22002775a 4500 | ||
|---|---|---|---|
| 005 | 20150824133733.0 | ||
| 008 | 090129r2004 enkad||f |||| 00| 0 eng d | ||
| 010 | _a2004041063 | ||
| 020 | _a0321117840 | ||
| 020 | _a9780321117847 | ||
| 040 |
_aEG-ScBUE _beng _cEG-ScBUE |
||
| 082 | 0 | 4 |
_a004 _bHAR _222 |
| 100 | 1 | _aHarel, David. | |
| 245 | 1 | 0 |
_aAlgorithmics : _bthe spirit of computing / _cDavid Harel with Yishai Feldman. |
| 250 | _a3rd ed. | ||
| 260 |
_aEngland : _bPearson / Addison Wesley, _c2004. |
||
| 300 |
_axviii, 513 p. : _bill. ; _c24 cm. |
||
| 500 | _aIndex : p. 495-513. | ||
| 504 | _aBibliography : p. 433-493. | ||
| 650 | 0 |
_aComputer algorithms. _2BUEsh |
|
| 651 | _2BUEsh | ||
| 653 |
_bCOMSCI _cAugust2015 |
||
| 655 |
_vtext book _933728 |
||
| 700 | 1 |
_aFeldman, Yishai, _d1958- |
|
| 942 |
_cBB _2ddc |
||
| 999 |
_c620 _d620 |
||